WWE One Minute CM Punk - Statistics

General Stats
  • This quiz has been taken 356 times
  • The average score is 3 of 8
Answer Stats
WWE one Minute: CM Punk Answer % Correct
How old is CM Pun 39
82%
How many kids does CM Punk have 0
64%
What Championship did he hold the longest WWE
57%
Who was his on screen manager Paul Heyman
44%
What month was he born October
24%
How long did he hold it for 434 days
18%
What is his real name Phillip Jack Brooks
7%
Who is he married to April Jeanette Mendez
3%
No matching quizzes found
Score Distribution
Percent of People with Each Score
Percentile by Number Answered
Your Score History
You have not taken this quiz